MARC

LEADER 00000nam0a2200000 4500
001 286789
005 20231101235927.0
035 |a (RuTPU)RU\TPU\book\311134 
090 |a 286789 
100 |a 20150310d1962 k y0rusy50 ca 
101 0 |a rus 
102 |a RU 
105 |a a z 001zy 
200 1 |a Миграция элементов в зоне окисления Блявинского медноколчеданного месторождения на Южном Урале  |f Л. Д. Герман- Русакова  |g Академия наук СССР (АН СССР), Институт геологии рудных месторождений, петрографии, минералогии и геохимии (ИГЕМ) ; отв. ред. Т. Н. Шадлун 
210 |a Москва  |c Издательство Академии наук СССР  |d 1962 
215 |a 128 с.  |c ил. 
225 1 |a Труды института геологии рудных месторождений, петрографии, минералогии и геохимии  |v Вып. 68 
320 |a Библиогр.: с. 125-127. 
606 1 |a Медно-колчеданные месторождения  |2 stltpush  |3 (RuTPU)RU\TPU\subj\41813  |9 61590 
610 1 |a медноколчеданные месторождения 
610 1 |a окисление 
610 1 |a миграция 
610 1 |a химические элементы 
610 1 |a Южный Урал 
610 1 |a распределение 
610 1 |a поиск 
610 1 |a геологическое строение 
610 1 |a зональность 
610 1 |a геохимические исследования 
675 |a 553.435  |v 3 
700 1 |a Герман- Русакова  |b Л. Д.  |g Лидия Дмитриевна 
702 1 |a Шадлун  |b Т. Н.  |4 340 
712 0 2 |a Академия наук СССР (АН СССР)  |b Институт геологии рудных месторождений, петрографии, минералогии и геохимии (ИГЕМ)  |c (Москва)  |2 stltpush  |3 (RuTPU)RU\TPU\col\11398 
801 1 |a RU  |b 63413507  |c 20150310 
801 2 |a RU  |b 63413507  |c 20220816  |g RCR 
942 |c BK